01722nam a2200421 i 450000100060000000300080000600500170001400600190003100700150005000800410006503500230010603500240012903500250015303500210017804000310019905000240023008000140025408200170026811000460028524501920033126400450052330000440056833600310061233700330064333800430067650000230071958801230074259001640086565000240102965000410105365000340109465100350112865100120116365500270117579700190120285600620122199900170128354235FlNmELB20241216232536.0m o d | cr cnu||||||||140601s2014 flu o 001 0 spa d a(MiAaPQ)EBC3218857 a(Au-PeEL)EBL3218857 a(CaPaEBR)ebr10844940 a(OCoLC)929710112 aFINmELBbspaerdacFINmELB 4aJC599.P4bC827 2014 a342.7(85)0 a323.09852232 aCorte Interamericana de Derechos Humanos.10aCaso Barrios Altos (Chumbipuma Aguirre y otros vs. Perú) :binterpretación de la sentencia de fondo. Sentencia del 3 de septiembre de 2001 /cCorte Interamericana de Derechos Humanos. 1aMiami :bEl Cid Editor / apuntes,c2014. a1 recurso en línea (iii, 7 páginas) atextobtxt2rdacontent/spa acomputadorabc2rdamedia/spa arecurso en líneabcr2rdacarrier/spa aContiene índice. aDescripción basada en recurso en línea; Título de la página del título en PDF (e-libro, visto June 1, 2014). aRecurso electrónico. Santa Fe, Arg.: e-libro, 2015. Disponible vía World Wide Web. El acceso puede estar limitado para las bibliotecas afiliadas a e-libro. 0aHuman rightszPeru. 4aViolación de los derechos humanos. 4aAdministración de justicia. 0aPeruxTrials, litigation, etc. 4aPerú. 4aLibros electrónicos.2 ae-libro, Corp.40uhttps://elibro.net/ereader/politecnicointernacional/30318 c54235d54235